<?xml version="1.0" encoding="UTF-8"?>
<record
    xmlns:xsi="http://www.w3.org/2001/XMLSchema-instance"
    xsi:schemaLocation="http://www.loc.gov/MARC21/slim http://www.loc.gov/standards/marcxml/schema/MARC21slim.xsd"
    xmlns="http://www.loc.gov/MARC21/slim">

  <leader>01508nab a22002417a 4500</leader>
  <datafield tag="999" ind1=" " ind2=" ">
    <subfield code="c">5747</subfield>
    <subfield code="d">5747</subfield>
  </datafield>
  <controlfield tag="003">OSt</controlfield>
  <controlfield tag="005">20260101205950.0</controlfield>
  <controlfield tag="008">190514b        xxu||||| |||| 00| 0 spa d</controlfield>
  <datafield tag="040" ind1=" " ind2=" ">
    <subfield code="c">PJ</subfield>
  </datafield>
  <datafield tag="100" ind1=" " ind2=" ">
    <subfield code="9">6664</subfield>
    <subfield code="a">Moine, Pablo David</subfield>
  </datafield>
  <datafield tag="245" ind1="1" ind2="3">
    <subfield code="a">El art. 666 del C&#xF3;d. Civ. y Com.: </subfield>
    <subfield code="b">un desencadenante de confusiones y soluciones. Su an&#xE1;lisis en el marco de una decisi&#xF3;n judicial /</subfield>
    <subfield code="c">Pablo David Moine.</subfield>
  </datafield>
  <datafield tag="300" ind1=" " ind2=" ">
    <subfield code="a">p. 161-166</subfield>
  </datafield>
  <datafield tag="500" ind1=" " ind2=" ">
    <subfield code="a">Cita: TR LALEY AR/DOC/453/2025.</subfield>
  </datafield>
  <datafield tag="505" ind1=" " ind2=" ">
    <subfield code="a">Sumario: I. Introducci&#xF3;n.&#x2014; II. Acerca de los hechos controversiales.&#x2014; III. Un repaso por los aspectos generales del cuidado personal. Consideraciones en torno al cuidado personal compartido bajo la modalidad alternada.&#x2014; IV. El art. 666 del C&#xF3;d. Civ. y Com. Un punto de encuentro en el ejercicio del cuidado personal y la forma de cumplimiento de la obligaci&#xF3;n alimentaria.&#x2014; V. Algunas precisiones relacionadas con el caso bajo an&#xE1;lisis.&#x2014; VI. Reflexi&#xF3;n final. </subfield>
  </datafield>
  <datafield tag="505" ind1=" " ind2=" ">
    <subfield code="a">Fallo comentado:  Unidad Procesal N&#xB0;11 de Viedma ~ 22/08/2024 ~ V. R. E. c. L. D. A. s/ sumar&#xED;simo (cese de cuota alimentaria).</subfield>
  </datafield>
  <datafield tag="650" ind1=" " ind2="0">
    <subfield code="9">967</subfield>
    <subfield code="a">DERECHO DE FAMILIA</subfield>
  </datafield>
  <datafield tag="650" ind1=" " ind2="0">
    <subfield code="9">968</subfield>
    <subfield code="a">ALIMENTOS</subfield>
  </datafield>
  <datafield tag="650" ind1=" " ind2="0">
    <subfield code="9">4099</subfield>
    <subfield code="a">CUOTA ALIMENTARIA</subfield>
  </datafield>
  <datafield tag="650" ind1=" " ind2="0">
    <subfield code="9">6665</subfield>
    <subfield code="a">CESACI&#xD3;N DE LA OBLIGACI&#xD3;N ALIMENTARIA</subfield>
  </datafield>
  <datafield tag="650" ind1=" " ind2="0">
    <subfield code="9">1057</subfield>
    <subfield code="a">JURISPRUDENCIA APLICABLE</subfield>
  </datafield>
  <datafield tag="773" ind1="0" ind2=" ">
    <subfield code="0">2844</subfield>
    <subfield code="9">3222</subfield>
    <subfield code="d">Buenos Aires : AbeledoPerrot, 1989-</subfield>
    <subfield code="t">Derecho de familia. Revista Interdisciplinaria de doctrina y jurisprudencia. Abril 2025-II.</subfield>
    <subfield code="z">18511201</subfield>
  </datafield>
  <datafield tag="942" ind1=" " ind2=" ">
    <subfield code="2">udc</subfield>
    <subfield code="c">ANA</subfield>
  </datafield>
</record>
